| 000 | 00681nam a22002177a 4500 | ||
|---|---|---|---|
| 999 |
_c11385 _d11385 |
||
| 003 | AR-CdUCM | ||
| 008 | 190403b ||||| |||| 00| 0 spa d | ||
| 040 |
_aMUNICIPALIDAD PROVINCIAL DEL CUSCO _cBIBLIOTECA MUNICIPAL DEL CUSCO |
||
| 082 |
_a869.56 / _bH39A / 1976 |
||
| 100 |
_aHenderson, Carlos _912027 |
||
| 245 | _aAhora mismo hablaba contigo Vallejo / | ||
| 260 |
_aLima : _bEdiciones arte/reda, _c1976. |
||
| 300 |
_a51 páginas ; _bilustraciones, _c19 cm. |
||
| 440 |
_aColección del hacedor. _921767 |
||
| 505 | _aContenido: Poesías. | ||
| 650 |
_aLiteratura Peruana _9132 |
||
| 650 |
_aSiglo XX _98 |
||
| 650 |
_aPoesía _9139 |
||
| 942 |
_2ddc _cLIBROS |
||
| 945 | _aachl | ||